| 000 | 00701nam a2200217 i 4500 | ||
|---|---|---|---|
| 001 | 37648 | ||
| 003 | ES-MaACL | ||
| 007 | t| | ||
| 008 | 030221s1979 sp ||||1| spa d | ||
| 020 | _a84-7039-307-3 | ||
| 100 | 1 |
_aCaballero, Fernán. _933079 |
|
| 245 | 1 | 3 |
_aLa gaviota / _cFernán Caballero ; edición, introducción y notas de Carmen Bravo-Villasante. |
| 260 |
_aMadrid : _bCastalia, _c[1979] |
||
| 300 |
_a340 p., 2 lám. ; _c18 cm. |
||
| 490 | 1 |
_aClásicos Castalia ; _v95 |
|
| 504 | _aBibliografía : p. 31-34. | ||
| 700 | 1 |
_aBravo-Villasante, Carmen, _d1918-1994 _931507 |
|
| 830 | 0 |
_aClásicos Castalia ; _v95 _9178595 |
|
| 852 |
_aES-MaACL _jL-9733 _bR.112115 |
||
| 999 |
_c37648 _d37648 |
||